000 00864nam a2200265 i 4500
001 bg
100 1 _aPODOSKI, Kazimierz.
245 1 0 _aPolityka społeczna /
_cKazimierz Podoski, Witold Turnowiecki.
250 _a[Wyd.1, dodr.].
260 _aGdańsk :
_bWydawnictwo Uniwersytetu Gdańskiego,
_c1997.
300 _a149, [13] s. ;
_c24 cm.
505 _aZaw. tekst Europejskiej Karty Społecznej i Karty Socjalnej Wspólnoty Europejskiej.
650 4 _aPolityka społeczna
650 4 _aPodręczniki akademickie
700 1 _aTURNOWIECKI, Witold.
020 _a8370174876
040 _cBPK
041 0 _apl
080 _a304
080 _a(075.8)
920 _a83-7017-487-6
942 _cKS
008 s pl f |000 0 pol
856 _uhttp://koha.tu.koszalin.pl/cgi-bin/koha/opac-detail.pl?biblionumber=32130
_yKatalog online BPK
999 _c32130
_d32130